000 00440nam a2200181Ia 4500
005 20250423095221.0
008 250422s9999 xx 000 0 und d
020 _a0- 910554- 68- 4
050 _aTA177.4.N48/
100 _aDonald G. Newnan
245 0 _aEngineering economic analysis
250 _a3rd ed.
260 _bEngineering press, Inc.
260 _c1988
300 _a577 p
650 _aEngineering economy
942 _cBK
999 _c29600
_d29600